[Event "MEX ol U14"]
[Site "Guanajuato"]
[Date "2002.07.16"]
[Round "5"]
[White "Morales Lopez, Oscar"]
[Black "Alvarez Soto, Julio Alberto"]
[Result "1-0"]
[WhiteElo "1386"]
[BlackElo "1576"]
[PlyCount "81"]
[EventDate "2002.07.13"]
[EventType "swiss"]
[EventRounds "6"]
[EventCountry "MEX"]
[SourceTitle "EXT 2003"]
[Source "ChessBase"]
[SourceDate "2002.11.25"]
[SourceVersion "1"]
[SourceVersionDate "2002.11.25"]
[SourceQuality "1"]

1. e4 e6 2. d4 d5 3. Nd2 c5 4. Ngf3 Nf6 5. e5 Nfd7 6. c3 Nc6 7. Bb5 Qb6 8. Bxc6 bxc6 9. 0-0 Ba6 10. Re1 cxd4 11. cxd4 c5 12. Nb3 c4 13. Nbd2 Bb4 14. Re3 0-0-0 15. a3 Be7 16. Qc2 Qc7 17. b3 Nb6 18. Rc3 Kd7 19. bxc4 dxc4 20. Ne4 Rc8 21. Bd2 Qc6 22. Be3 Nd5 23. Rd1 Nxc3 24. Nxc3 Ke8 25. d5 exd5 26. Rxd5 Bxa3 27. Nd4 Qb7 28. Qa4+ Kf8 29. Qxa3+ Kg8 30. Qd6 h6 31. h3 Re8 32. Ra5 Qb2 33. Qxa6 Qxc3 34. Rc5 Rb8 35. Rxc4 Qe1+ 36. Kh2 Kh7 37. Rc1 Qb4 38. Qxa7 Rb7 39. Qa6 Rhb8 40. Nc6 Rb6 41. Qd3+ 1-0